000 00853cam a22003013a 4500
001 2667
003 PGUSA
005 20140828083020.0
008 010601s2001||||xxu|||||s|||||000 1 eng d
040 _aPGUSA
_beng
042 _adc
050 4 _aPR
100 1 _aGoldsmith, Oliver,
_d-1774
245 1 4 _aThe Vicar of Wakefield
_h[electronic resource] /
_cOliver Goldsmith
260 _bProject Gutenberg,
_c2001
506 _aPublic domain in the USA.
516 _aElectronic text
653 _aClergy -- Fiction
653 _aAbduction -- Fiction
653 _aChildren of clergy -- Fiction
653 _aPoor families -- Fiction
653 _aEngland -- Fiction
653 _aPrisoners -- Fiction
653 _aDomestic fiction
830 0 _aProject Gutenberg
_v2667
856 4 0 _uhttp://www.gutenberg.org/ebooks/2667
942 _cEB
999 _c232000
_d232000